El Llibre incunable als Països Catalans : exposició commemorativa del V Centenari de la Impremta : del 26 de març al 6 d'abril de 1977 / Biblioteca de Catalunya exposició commemorativa del V Centenari de la Impremta :
Descripción Física:
[4] f. ; 21 cm
Otros Autores:
Congrés de Cultura Catalana
MARC
| LEADER | 00000nam a2200000Ia 4500 | ||
|---|---|---|---|
| 001 | 14796 | ||
| 008 | 160829s1977 xx 000 0 cat d | ||
| 080 | |a FU-30-39 | ||
| 110 | 1 | |a Biblioteca de Catalunya |9 52741 | |
| 245 | |a El Llibre incunable als Països Catalans : |b exposició commemorativa del V Centenari de la Impremta : |b del 26 de març al 6 d'abril de 1977 / Biblioteca de Catalunya | ||
| 260 | |a [Barcelona] : |b Diputació Provincial de Barcelona, |c 1977 | ||
| 300 | |a [4] f. ; |c 21 cm | ||
| 590 | |a A la part inferior de la portada: Congrés de Cultura Catalana. | ||
| 590 | |a Catàleg de l'exposició | ||
| 650 | |a Incunables |x Països Catalans |x Exposicions |9 27295 | ||
| 700 | |a Congrés de Cultura Catalana |9 27296 | ||
| 710 | 1 | |a Barcelona (Catalunya : Província). |b Diputació |9 52408 | |
| 901 | |a Arxiu | ||
| 942 | |n 1 | ||
| 952 | |0 0 |1 0 |4 0 |6 FU3039 |7 1 |9 44340 |a Arxiu |b Arxiu |d 2016-12-01 |l 0 |o FU-30-39 |p 14796 |r 2016-12-01 00:00:00 |w 2016-12-01 |y ARXIU | ||
| 999 | |c 46921 |d 46921 | ||